000 01964cam a22004094i 4500
003 PE-LiUPU
005 20250731175627.0
008 190923s2010 pe r 000 0 spa d
035 _a(Sirsi) a252571
040 _aPE-LiUPU
_bspa
_cPE-LiUPU
_erda
049 _aPRUA
082 0 4 _a465
_bS21
_223
100 1 _aSanta Cruz, Reynaldo,
_eautor.
245 1 3 _aLa magia de las palabras :
_bplan lector, gramática fácil y redacción /
_cReynaldo Santa Cruz.
250 _a1a edición.
300 _a199 páginas ;
_c21 centímetros
336 _atext
_2rdacontent
337 _aunmediated
_2rdamedia
338 _avolume
_2rdacarrier
504 _aBibliografía: páginas 197-199.
505 0 _aReflexiones sobre el cuento y la novela -- Módulo de normativa y lengua: la concordancia en la gramática española -- Ejercicios psicopedagógicos -- La descripción -- Uso de las personas gramaticales -- La focalización del narrador -- El diálogo -- El tiempo en la narración -- ¿Cómo iniciar un texto narrativo? -- La entrada es la clave -- ¿Cómo termina un texto narrativo? -- El discurso del personaje -- Técnicas narrativas contemporáneas -- Constituyentes mínimos de la narración -- El texto -- Estructuras textuales -- Análisis de textos literarios -- Oficio de redactor.
526 _aP145
526 _aP127
526 _aP97
526 _aP35
526 _aP14
526 _aP07
650 0 7 _aLengua española
_x-Gramática.
650 1 4 _aLengua española
_v-Composición y ejercicios.
910 _abgr
_bksl
_cksl
_d20190923
942 _2ddc
_cBOOK
994 _aC0
_bPEPRU
596 _a1
999 _a465 S21
_wDEWEY
_c31800
_i80673
_f2021-11-8
_g3
_lCCODEBUL1
_mBUL
_p10.50
_r0
_sY
_tBOOK
_u2019-9-23
_xEDUCACION
_PP20
_0DONACION
_o.STAFF. Colección Ciencias Humanas y Educación
_d31800
264 _aLima :
_bEditorial Arteidea,
_c2010.
980 _81
_gALBERTO SANCHEZ Responsable de Automatización